| 000 | 00414nab a22001097u 4500 | ||
|---|---|---|---|
| 008 | 130520b1996 xxu||||| |||| 00| 0 ger d | ||
| 041 | _ager | ||
| 100 | 1 |
_aMcenvoy, James _959019 |
|
| 245 | 0 | 0 |
_aZur Rezeption des Aristotelischen FreundschaftsbeGriffs in der Scholastik _cJames Mcenvoy |
| 773 | 0 |
_tFreiburger Zeitschrift für Philosophie und Theologie _gV.43, nº3,1996,págs. 287-303 _x0016-0725 _wRev213 |
|
| 942 | _cAR | ||
| 999 |
_c326848 _d326848 |
||